000 00846nam a2200217 a 4500
001 71620
003 BD-RjUL
005 20211209082133.0
008 170506s190? ii |||| |||| 000 0 ben d
035 _a(BD-RjUL)71836
040 _aBD-RjUL
_bben
_cBD-RjUL
_dBD-RjUL
041 _aben
082 _223
_a891.4409
_bDER 190?
100 1 _aদেবী, শান্তা
_9211920
245 1 0 _aরামা চট্টোপাধ্যায় ও অর্দ্ধশতাব্দীর বাংলা /
_cশান্তা দেবী
260 _aকলিকাতা :
_bপ্রবাসী প্রেস,
_c[১৯০?]
300 _a৩০১ পৃ. ;
_c২৭ সেমি.
650 _aবাংলা সাহিত্য
_xইতিহাস
_9122902
650 _aBengali Literature
_xHistory
_9148350
942 _2ddc
_cBK
999 _c71620
_d71620